000 00977nam a22003137a 4500
001 BR8701506
003 BR-BrBNA
005 20230928092422.0
007 ta
008 230509b bl.||||| |||| 00| 0 por d
040 _aBR-BrBNA
_bpor
_cBiblioteca Nacional de Agricultura
041 _a(Por)
072 _aF01
_b0710
_b/G514
090 _ 0710 BR8701506
110 1 _aAssociacao de Credito e Assistencia Rural de Santa Catarina, Florianopolis (Brasil);
110 1 _aEmpresa de Assistencia Tecnica e Extensao Rural do Estado de Santa Catarina, Florianopolis (Brasil)
_94031
245 1 _aSubsidios ao plano nacional de producao e abastecimento de maca [Brasil]
260 3 _aFlorianopolis, SC (Brasil):
_c1980.
300 _a46 p.
500 _a18 tables
650 _aABASTECIMENTO
650 _aPRODUCAO VEGETAL
650 _aMACA
650 _aCONSUMO
650 _aPRECO
650 _aEXPORTACAO
909 _a202309
_bLucia
_c55
_dLucia Elande
942 _cBK
999 _c38939
_d38939